| 000 | 00639nam a2200217 a 4500 | ||
|---|---|---|---|
| 005 | 20140310183353.0 | ||
| 008 | 130406s19uu xx 00 eng d | ||
| 020 | _a9780763795313 | ||
| 050 |
_aRA 409 _b.Su73 2012 |
||
| 100 | _aSullivan, Lisa M. | ||
| 245 |
_aEssentials of biostatistics / _cLisa M. Sullivan. |
||
| 250 | _a2nd ed. | ||
| 260 |
_aSudbury, MA : _bJones and Bartlett Learning, _c2012. |
||
| 300 | _axii, 313 p. | ||
| 500 | _aIncludes bibliographical references and index | ||
| 521 | _aNUR | ||
| 650 |
_aPublic health _xStatistical method |
||
| 650 | _aMedical statistics | ||
| 942 |
_cBK _2lcc _kFOR |
||
| 999 |
_c22163 _d22163 |
||